Pijaraña, pijaraña teje los versos la araña (Registro nro. 17705)

Detalles MARC
000 -LDR (LÍDER)
Campo de control de longitud fija 01274nam a2200289 a 4500
003 - IDENTIFICADOR DEL NÚMERO DE CONTROL
Campo de control CO-PeBPR
005 - FECHA Y HORA DE LA ÚLTIMA TRANSACCIÓN
Campo de control 20260414123510.0
008 - ELEMENTOS DE DATOS DE LONGITUD FIJA--INFORMACIÓN GENERAL
Campo de control de longitud fija 260414b |||||||| |||| 00| 0 eng d
020 ## - Código Internacional normalizado para libros
Código Internacional normalizado para libros 9786287666450
040 0# - FUENTE DE CATALOGACIÓN
Agencia catalogadora original CO-PeBPR
Idioma de la agencia catalogadora spa
Agencia que transcribe CO-PeBPR
Norma para la descripción rda
041 0# - Código del Idioma
Código idioma del recurso original spa
082 04 - NÚMERO DE CLASIFICACIÓN DECIMAL DEWEY
Número de clasificación (i) Co861.5 M665p
110 1# - ASIENTO PRINCIPAL--NOMBRE CORPORATIVO
Nombre corporativo o jurisdicción Ministerio de las Culturas, las Artes y los Saberes
Unidad subordinada Biblioteca Nacional de Colombia
245 10 - MENCIÓN DE TÍTULO
Título propiamente dicho Pijaraña, pijaraña teje los versos la araña
Subtítulo o título paralelo : poesía de tradición oral para niños y niñas
Mención de responsabilidad / Ministerio de las Culturas, las Artes y los Saberes ; selección de Beatriz Helena Robledo ; ilustraciones de Gabriela Otálora ; edición de Diana López de Mesa
264 #1 - Área de la Producción Publicación, Distribución, Manufactura, etc.
Lugar de publicación, distribución, etc. Bogotá, Colombia
Nombre de la editorial, distribuidor, etc. : Biblioteca Nacional de Colombia
Fecha de publicación, distribución, etc. , 2025
300 ## - DESCRIPCIÓN FÍSICA
Extensión 48 páginas
Otros detalles físicos : ilustraciones a color
Dimensiones ; 20 centímetros
336 ## - Tipo de Contenido
Tipo de contenido texto
Código de tipo de contenido txt
Fuente rdacontenido
337 ## - Tipo de Medio
Tipo de Medio sin mediación
Código de tipo de medio n
Fuente rdamedio
338 ## - Tipo de Soporte
Tipo de soporte volumen
Código de tipo de soporte nc
Fuente rdasoporte
490 ## - MENCIÓN DE SERIE
Título de la serie Colección leer es mi cuento
650 14 - ASIENTO SECUNDARIO DE MATERIA - TÉRMINO TEMÁTICO
Fuente del encabezado o término LEMB
Encabezamiento temático Poesía infantil colombiana
Subdivisión cronológica Siglo XXI
650 14 - ASIENTO SECUNDARIO DE MATERIA - TÉRMINO TEMÁTICO
Fuente del encabezado o término LEMB
Encabezamiento temático Libros ilustrados para niños
700 1# - ASIENTO SECUNDARIO - NOMBRE PERSONAL
Nombre personal Robledo, Beatriz Helena
Término de relación, rol en la obra selección
700 1# - ASIENTO SECUNDARIO - NOMBRE PERSONAL
Nombre personal Otálora, Gabriela
Término de relación, rol en la obra ilustradora
700 1# - ASIENTO SECUNDARIO - NOMBRE PERSONAL
Nombre personal López de Mesa, Diana
Término de relación, rol en la obra editora
942 ## - ENTRADA DE ELEMENTOS AGREGADOS (KOHA
Fuente de clasificación o esquema de estantería. Dewey Decimal Classification
Tipo de ítem Literatura Infantil
Existencias
Estado de pérdida Fuente del sistema de clasificación o colocación Estado de daño No disponible para préstamo Colección Biblioteca de origen Biblioteca actual Ubicación en estantería Signatura topográfica completa Ejemplar Código de barras Tipo de ítem Fecha de adquisición Total de pagos Fecha de la última vez visto
  Dewey Decimal Classification     Infantil Biblioteca Pública Departamental Comfamiliar Risaralda Biblioteca Pública Departamental Comfamiliar Risaralda Área Infantil (i) Co861.5 M665p Ej.1 RIBPD5226 Literatura Infantil 14/04/2026   14/04/2026
  Dewey Decimal Classification     Infantil Biblioteca Pública Departamental Comfamiliar Risaralda Biblioteca Pública Departamental Comfamiliar Risaralda Área Infantil (i) Co861.5 M665p Ej.2 RIBPD5227 Literatura Infantil 14/04/2026   14/04/2026